Top 10 Premier League Goalscorers of the Decade (2010s) - Statistics

General Stats
  • This quiz has been taken 596 times
  • The average score is 6 of 10
Answer Stats
Rank Player Goals % Correct
1st Sergio Agüero 174
97%
2nd Harry Kane 136
90%
3rd Wayne Rooney 114
85%
5th Robin van Persie 98
65%
10th Sadio Mané 76
62%
6th Jamie Vardy 97
58%
9th Raheem Sterling 77
54%
7th Eden Hazard 85
51%
4th Romelu Lukaku 113
51%
8th Olivier Giroud 78
35%
No matching quizzes found
Score Distribution
Percent of People with Each Score
Percentile by Number Answered
Your Score History
You have not taken this quiz